000 01392nam a2200301 4500
001 0000019703
003 CO-CtgCURN
005 20250429230829.0
007 ta
008 160627s1999 000 0 eng d
020 _a8427711530
040 _aCO-CtgCURN
_bspa
_ccoctgcurn
082 0 _a378.1
_bR859c
100 1 _aRuiz Ruiz, José María.
245 1 0 _aComo hacer una evaluacion de centros educativos /
_cJosé María Ruiz Ruiz.
250 _a3a ed.
260 _aMadrid :
_bNarcea,
_c1999.
300 _a350 p.: ill.
336 _2rdacontent
337 _2rdamedia
_asin mediacion
_bn
338 _2rdacarrier
_avolumen
_bnc
504 _aBibliografia (p. 347-350)
505 8 _aConcepto de evaluacion.--Evaluacion educativa.--La evaluacion de centros.--La evaluacion de programas educativos.--Evaluacion de programas: un programa universitario de organizacion escolar.--Evaluacion sumativa-final.--Evaluacion formativa-criterial.--Evaluacion interna por medio del estudio de casos.--Evaluacion etnografica.--Evaluacion cualitativa.--Evaluacion a traves de la memoria final.--Evaluacion a traves de la autorreflexion colegiada.--La evaluacion en el marco de la autonomia institucional
650 1 4 _aCalidad de la educación superior.
908 _a160627
942 _cBK
_h378.1
_iR859c
_2ddc
999 _c39389
_d39389